Esztétikai trendek és fogyasztói magatartás A plasztikai beavatkozások piacának átalakuló világa
| Szerző: | |
|---|---|
| További közreműködők: | |
| Dokumentumtípus: | Diplomadolgozat |
| Kulcsszavak: | 21. század esztétika fogyasztói igények fogyasztói magatartás marketingcsatorna |
| Online Access: | http://dolgozattar.uni-bge.hu/58181 |
MARC
| LEADER | 00000nta a2200000 i 4500 | ||
|---|---|---|---|
| 001 | dolg58181 | ||
| 005 | 20250923130242.0 | ||
| 008 | 250923suuuu hu om 000 hun d | ||
| 040 | |a BGE Dolgozattár Repozitórium |b hun | ||
| 041 | |a hu | ||
| 100 | 1 | |a Cserép Veronika | |
| 245 | 1 | 0 | |a Esztétikai trendek és fogyasztói magatartás |b A plasztikai beavatkozások piacának átalakuló világa |c Cserép Veronika |h [elektronikus dokumentum] |
| 520 | 3 | |a A 21. századi szépségideálok átalakulása kiemelten fontos téma a marketing szakemberek számára, mivel ezek a változások jelentősen befolyásolják a fogyasztói magatartást az esztétikai iparágban. A plasztikai beavatkozások és az esztétikai trendek hatása az emberek testképére és önértékelésére közvetlen összefüggésben áll a marketingkommunikáció hatékonyságával. A közösségi média térnyerésével a szépségideálok síkján bekövetkezett változások nagymértékben befolyásolják a fogyasztói elvárásokat, különösen a plasztikai beavatkozások iránt. Szakdolgozatomban Magyarországon élő, plasztikai beavatkozáson átesett fogyasztókkal készített interjúkat elemeztem, hogy feltárjam a marketing eszközök és üzenetek szerepét döntéseikben. A kutatás során vizsgálom, milyen motivációk vezettek a beavatkozásokhoz, és hogyan befolyásolta a közösségi média nyomása a választásaikat. Kíváncsi voltam, hogy a közösségi média által közvetített, gyakran idealizált képek hogyan hatnak a beavatkozások utáni elégedettségre és az önértékelésre. Kutatómunkám a fogyasztói magatartás és a plasztikai beavatkozások közötti összefüggésekre, valamint a közösségi média által generált esztétikai trendek marketingre gyakorolt hatásaira összpontosít. Célom feltárni, milyen marketingstratégiák lehetnek hatékonyak az esztétikai iparágban, figyelembe véve a fogyasztók egyéni motivációit és a társadalmi nyomást. Remélem, kutatásom eredményei relevánsak lehetnek marketing szakemberek, szépségipari vállalkozások és a felelős marketingkommunikáció iránt elkötelezett szakemberek számára. | |
| 695 | |a 21. század | ||
| 695 | |a esztétika | ||
| 695 | |a fogyasztói igények | ||
| 695 | |a fogyasztói magatartás | ||
| 695 | |a marketingcsatorna | ||
| 700 | 1 | |a Juhász Ildikó |e ths | |
| 700 | 1 | |a Kisfürjesi Dr. Nóra |e ths | |
| 856 | 4 | 0 | |u http://dolgozattar.uni-bge.hu/58181/1/Cser%C3%A9p_Veronika_Z8F6XZ.pdf |z Dokumentum-elérés |
| 856 | 4 | 0 | |u http://dolgozattar.uni-bge.hu/58181/2/Nyilv%C3%A1noss%C3%A1%20t%C3%A9tel.pdf |z Dokumentum-elérés |
| 856 | 4 | 0 | |u http://dolgozattar.uni-bge.hu/58181/3/BA_O_Cser%C3%A9p_Veronika.pdf |z Dokumentum-elérés |
| 856 | 4 | 0 | |u http://dolgozattar.uni-bge.hu/58181/4/BA_B_cserep_veronika.pdf |z Dokumentum-elérés |
| 856 | 4 | 0 | |u http://dolgozattar.uni-bge.hu/58181/5/Csere%CC%81p%20Veronika.pdf |z Dokumentum-elérés |